| 000 | 00447nam a2200181Ia 4500 | ||
|---|---|---|---|
| 001 | 24376 | ||
| 005 | 20260414151039.0 | ||
| 008 | 260414t2000||||xx |||||||||||||| ||spa|| | ||
| 041 | _aESP | ||
| 082 |
_a345.7 _bC31 V. 2 |
||
| 100 |
_aCarrión Lugo, Jorge _eAUT |
||
| 245 | 0 |
_aTratado de derecho procesal civil _b |
|
| 260 | _c2000 | ||
| 300 |
_axxxviii, 575 páginas : _c24 cm. |
||
| 650 | _aDER | ||
| 654 | _aCDE | ||
| 942 |
_cLIB _dJUS _fJUS _2ddc _n |
||
| 999 |
_c24376 _d24376 |
||